MDQL
is popping MORE tags! Check the
thread
!
Quizzes
Events
Quiz Creation
Community
Videos
Private Events
Remove Ads
Sign In
Join for FREE
Feedback
Dark Mode
Quiz Categories
Sports
Geography
Music
Movies
Television
Just For Fun
Miscellaneous
History
Literature
Language
Science
Gaming
Entertainment
Religion
Holiday
For Kids
Quiz Lab
Recent
Popular Today
Quiz Kudos Today
Editor Picks
Curator Picks
Quizzes by...
Day
Popularity
Type
Ratings
Length
Year
Community
Subscriptions
Recent Discussions
Orange Saloon
Badges
Playlists
Quests
Create
Leaderboards
Showdown
Live 5
Trivia Bingo
Activity
Puzzle Library
Sporcle Events
Private Events
Virtual Trivia
Globe League
Become a Host
Pub Owners
SporcleCon
Opinionation
Our Games
Videos
Blog
Mobile Apps
Partnerships
Remove Ads and Go Orange
Feedback
Music
Pop Music
The Beatles
Song
Album
Lyrics
Bands
Singers
Artist
Clip
Rock
Rap
Classical
Billboard
Country Music
Kpop
Taylor Swift
Music
Pop Music
The Beatles
Song
Album
Lyrics
Bands
Singers
Artist
Clip
Rock
Rap
Classical
Billboard
Country Music
Kpop
Taylor Swift
Random Quiz
Search Sporcle
×
Quiz Lab
Quiz Lab
Music
Song
Type in answers that appear in a list
Type in answers that appear in a list
Classic
Best Score? Go Orange.
The Hooters Songs Stats
Can you name the Songs released by the Hooters?
By
jutze
9m
78 Questions
40 Plays
40 Plays
40 Plays
Comments
Comments
Give Quiz Kudos
Give Quiz Kudos
-
- Ratings
hide this ad
More Info
Replay
Link that replays current quiz
Next Quiz
Link to next quiz in quiz playlist
You Got
0%
They Got
Avg Score
34%
Avg Friend Score
Upgrade to see
Score Distribution
Jump to the score distribution portion of the page
Score
0/78
Timer
09:00
0
Plays Today
Release Year
Song Title
% Correct
2023
Guava Jive
100%
2023
Why Don't You Call Me Back
100%
2023
Pete Rose
100%
2023
Connection
100%
2023
Splice Up The Dance
100%
2023
Good Night
100%
1982
All You Zombies
92.5%
1985
And We Danced
85%
1987
Karla with a K
75%
1989
500 Miles
75%
1985
Nervous Night
72.5%
1985
Day by Day
70%
1987
Johnny B
70%
1989
Mr. Big Baboon
65%
1985
Where Do the Children Go
62.5%
1987
One Way Home
62.5%
1983
Amore
60%
1983
Blood from a Stone
60%
1987
Lucy in the Sky with Diamonds
60%
1987
Satellite
57.5%
1996
Time After Time
57.5%
1987
Graveyard Waltz
55%
1989
Beat Up Guitar
55%
1983
Hanging on a Heartbeat
52.5%
1985
Don't Take My Car out Tonight
50%
1985
South Ferry Road
50%
1987
Engine 999
50%
1989
Brother, Don't You Walk Away
50%
1981
Fightin' on the Same Side
47.5%
1985
She Comes in Colors
47.5%
1989
Deliver Me
47.5%
1989
Don't Knock It 'Til You Try It
42.5%
2007
Time Stand Still
42.5%
1987
Washington Day
40%
1983
Concubine
37.5%
1987
Hard Rockin' Summer
37.5%
1989
Give the Music Back
35%
1993
Boys Will Be Boys
35%
2007
I'm Alive
35%
Release Year
Song Title
% Correct
1983
Birdman
32.5%
1989
You Never Know Who Your Friends Are
32.5%
1989
Always a Place
32.5%
2007
The Boys of Summer
32.5%
1982
Rescue Me
30%
1993
Private Emotion
30%
2003
Man in the Street
27.5%
1989
Heaven Laughs
27.5%
1993
Twenty-Five Hours a Day
27.5%
1983
Don't Wanna Fight
25%
2007
White Jeans
25%
1993
Shadow of Jesus
25%
1993
Dancing on the Edge
25%
2007
Until You Dare
25%
2007
Morning Buzz
25%
2010
Pissing in the Rhine
25%
1993
Great Big American Car
22.5%
2007
Until I Find You Again
22.5%
2007
Catch of the Day
22.5%
2007
Ordinary Lives
22.5%
2010
One of Us
22.5%
1989
The House of Wolfgang
20%
1990
Silent Night
20%
1993
Driftin' Away
20%
1993
All Around the Place
20%
1993
Nobody But You
20%
2007
Where the Wind May Blow
20%
2007
Free Again
20%
2012
If I Should Fall Behind
18.5%
2010
Silver Lining
17.5%
1981
Wireless
15%
1993
One Too Many Nights
15%
1993
Strange Strange World
15%
1993
Thing of Beauty
15%
1994
All I Really Want to Do
15%
1994
Blowin' in the Wind
15%
1994
Jigs'n'Reels
15%
2010
Really Fine Wine
15%
1990
One Light in the Dark Valley
12.5%
Quiz Playlist
Details
Report
Send in Message
Add To Playlist
More Info:
Name all songs officially released by the Hooters (excluding foreign language translations). Titles that appear on multiple releases appear only once.
Classic:
Type in answers that appear in a list
Last Updated: Jun 22, 2023
Quiz Scoreboard
CHALLENGE
Sign Up to Join the Scoreboard
Show All
Scores
Hide
Comments
May contain spoilers
Recently Published
Holiday 10x10 Sorting Gallery
by lukepisani3
Holiday
15m
Two Season TV Shows II
by 123Four
Television
10m
Image Sorting: Flags VI
by Barbecue
Geography
2m
More to Explore
Quiz From the Vault
Featured Blog Post
14 Easter Pick-up Lines to Find Eggs With
hide this ad
You Might Also Like...
Tags
Pop Music Quiz
Song Quiz
1980s
Philadelphia
ska
Today's Top Quizzes in Music
Browse Music
hide this ad
Today's Top Quizzes in Song
Browse Song
Top Contributed Quizzes in Music
1
5X2 Blitz: Bands II
2
Taylor Swift All Songs (2024)
3
5X2 Blitz: The Beatles
4
5X2 Blitz: Billboard
5
Music Artist by Three 2010s hits
6
5X2 Blitz: Billboard II
7
5X2 Blitz: Album
8
5X2 Blitz: Rock
9
5X2 Blitz: Singers
10
5X2 Blitz: Lyrics
Explore More
Trending Topics
Crossword
Anime
NBA
Kpop
Disney
Harry Potter
Marvel
NFL
Song
Puzzle
The Office
Pokémon
WWE
Country
Soccer
hide this ad
More By:
jutze
Quiz
Plays
Rating
Category
Featured
Created
Deep Purple Songs
977
5.00
Music
Oct 8, 2013
Toto Songs
827
5.00
Music
Mar 26, 2015
Foreigner Songs
308
4.50
Music
May 21, 2015
Spock's Beard Songs
176
Music
Apr 7, 2013
Chris de Burgh Songs
152
Music
Mar 5, 2012
Go to Creator's Profile
Score Distribution
Quiz Creator Spotlight
jutze
Follow
Send a Message
Quizzes Created
-
Created Quiz Play Count
-
More By This Creator
Popular Quizzes Today
1
Find the US States - No Outlines Minefield
2
Colored Red Africa Blitz
3
Find the 'City' Movie
4
The Countries of the World
5
5x2 Blitz: Bands
6
Find the US States
7
Find the Countries of Europe - No Outlines Minefield
8
US States
More Music Quizzes
Nirvana Albums
Published
Trending Quizzes
Colored Red Europe Blitz I
Colored Red Europe Blitz II
Colored Red Africa Blitz II
Colored Red Europe Blitz III
Colored Red Africa Blitz III
Recently Updated
Odd Team Out - Big 4 Players
pecheneg
Quick Pick: 20 Twenties
pecheneg
March Madness Men's Triple Doubles
pecheneg
How Do You Spell That?
pecheneg
Godzilla Movies
pecheneg
Grab Bag: 4-10 Letters
pecheneg
2024 March Madness Bracket
pecheneg
Famous TV Couples
Peacemaker
Champions League XIs: Real Madrid
pecheneg
Largest US Cities 1790-2010
pecheneg
Trending Topics
Disney
Kpop
Harry Potter
Anime
Marvel
NBA
Crossword
WWE
Country
Pokémon
The Office
Song
NFL
Puzzle
Soccer
Your Account Isn't Verified!
In order to create a playlist on Sporcle, you need to verify the email address you used during registration. Go to your
Sporcle Settings
to finish the process.
Report this User
Report this user for behavior that violates our
Community Guidelines
.
Details:
Send Report
Go to the Sporcle.com Mobile Site →
Comments